| 000 | 00418cam a22001217a 4500 | ||
|---|---|---|---|
| 008 | 180718b2009 xxu||||| |||| 00| 0 eng d | ||
| 082 | _aAPPPA 2008-09/SHE | ||
| 100 | _aSheikh, E.R. | ||
| 245 |
_aImpact of market oriented defence production policy on ordnance factories _cby E.R. Sheikh |
||
| 260 |
_aNew Delhi _bIndian Institute of Public Administration _c2009 |
||
| 300 | _a126p. | ||
| 650 | _aDefence industries - India | ||
| 999 |
_c495212 _d495212 |
||